000 00585nam a2200193Ia 4500
005 20260114185749.0
008 008 260114s9999 xx 000 0 eng d
020 _a9781350112421
037 _aEBOOK
040 _aCRL
_beng
_cCRL
041 _aeng
_2eng
084 _qCRL
100 _aTrond Klevgaard
_9874118
245 4 _aThe New Typography in Scandinavia Modernist Design and Print Culture
260 _bBloomsbury
_c2020
856 _uhttps://doi.org/10.5040/9781350112421?locatt=label:secondary_bloomsburyCollections
942 _cEBOOK
999 _c1473054
_d1473054